Normal view MARC view
  • Zacatecas

Entry Nombre Geográfico

Number of records used in: 8

001 - NÚMERO DE CONTROL

  • campo de control: 17679

003 - IDENTIFICADOR DE NUMERO DE CONTROL

  • campo de control: UPN

005 - FECHA Y HORA DE LA ÜLTIMA TRANSACCIÓN

  • campo de control: 20240911130507.0

008 - DATOS DE LONGITUD FIJA

  • campo de control de longitud fija: 230529nn fnnnnbaba | ana |d

035 ## - NÚMERO DE CONTROL

  • Número de control: UPN10000017687

040 ## - FUENTE DE CATALOGACIÓN

  • Agencia de catalogación original: MX-MxUPN
  • Lenguaje de catalogación: spa

151 ## - ENCABEZAMIENTO - NOMBRE GEOGRÁFICO

  • Nombre geográfico: Zacatecas
  • Subdivisión general : Historia

670 ## - FUENTE EN LA QUE SE LOCALIZARON DATOS

  • Cita de la fuente: Escamilla González, G. Lista de encabezamientos de materia, 1978 :
  • Información localizada: página 865 (Zacatecas -- Historia)

902 ## - CATALOGADOR

  • Catalogador: MEEG/260996
  • Catalogador: VíctorGodínez/290523